1975 1300 1528 1010 1453 1174 1076 1530 1695 1674 1525 1290 1867 1817 1405 1314 1267 1871 1336 1953 1054 1645 1035 1062 1667 1605 1377 1200 1748 1040 1412 1534 1969 1475 1285 1094 1554 1471 1914 1319 1270 1773 1819 1891 1989 1720 1284 1080 1658 1557 1983 1284 1390 1126 1289 1885 1369 1205 1630 1755 1025 1018 1729 1563 1655 1331 1771 1174 1369 1466 1746 1217 1008 1303 1518 1256 1533 1854 1374 1649 1536 1667 1594 1469 1141 1622 1285 1002 1261 1931 1364 1322 1462 1159 1592 1865 1789 1435 1372 BCNSPRNW ULIB Ver.6.0+V

เปลี่ยนเป็นภาษาไทย

Change to English
 แสดงรายละเอียดบรรณานุกรม
  กลับหน้าหลัก

Brief Record : Get Marc (ISO 2709) : E-mail record : QR code < ปิดหน้าต่าง
LEADER : 00000nam 2200000uu 4500
001    13399127346
003     ULIB
008    200428s2562||||th 000 0 tha d
020    ^a9786164979017
060    ^aWB555^bอ613ก
100    ^aอาชัญญา รัตนอุบล
245    ^aการส่งเสริมกิจกรรมการเรียนรู้สำหรับผู้สูงอายุ
250    ^aพิมพ์ครั้งที่ 1
260    ^aกรุงเทพฯ :^bโรงพิมพ์แห่งจุฬาลงกรณ์มหาวิทยาลัย,^c2562
300    ^a204 หน้า;^b21 ซม.
650    ^aการเรียนรู้ของผู้สูงอายุ
650    ^aกิจกรรมการเรียนรู้ของผู้สูงอายุ^xการศึกษาตลอดชีวิต
945    ^p250^l0^i28218
945    ^p250^l0^i28219
945    ^p250^l0^i28220
945    ^p250^l0^i28221
945    ^p250^l0^i28222
999    ^aกัณชพร จุลอักษร
รายการนี้ยังไม่มีแท็ก
คุณยังไม่ได้ล็อกอิน คุณสามารถมีกิจกรรมร่วมกับเว็บไซต์ได้ แต่ต้องล็อกอินก่อน ::
  ล็อกอิน

รายการสื่อสารสนเทศ

ลำดับที่ ประเภท เลขเรียก/บาร์โค้ด สถานที่ สถานะ
1. หนังสือสำรอง
หนังสือสำรอง
WB555 อ613ก ฉ.1 
  Barcode: 28218
ห้องสมุดวิทยาเขตนครสวรรค์
►หนังสือทั่วไป:l:General Books
บนชั้น
2. วิทยาศาสตร์การแพทย์ และสุขภาพ
วิทยาศาสตร์การแพทย์ และสุขภาพ
WB555 อ613ก ฉ.2 
  Barcode: 28219
ห้องสมุดวิทยาเขตนครสวรรค์
►หนังสือทั่วไป:l:General Books
บนชั้น
3. วิทยาศาสตร์การแพทย์ และสุขภาพ
วิทยาศาสตร์การแพทย์ และสุขภาพ
WB555 อ613ก ฉ.3 
  Barcode: 28220
ห้องสมุดวิทยาเขตนครสวรรค์
►หนังสือทั่วไป:l:General Books
บนชั้น
4. วิทยาศาสตร์การแพทย์ และสุขภาพ
วิทยาศาสตร์การแพทย์ และสุขภาพ
WB555 อ613ก ฉ.4 
  Barcode: 28221
ห้องสมุดวิทยาเขตนครสวรรค์
►หนังสือทั่วไป:l:General Books
บนชั้น
5. วิทยาศาสตร์การแพทย์ และสุขภาพ
วิทยาศาสตร์การแพทย์ และสุขภาพ
WB555 อ613ก ฉ.5 
  Barcode: 28222
ห้องสมุดวิทยาเขตนครสวรรค์
►หนังสือทั่วไป:l:General Books
บนชั้น

รายการใกล้เคียง
    ชื่อเรื่อง [การส่งเสริมกิจกรรมการเรียนรู้สำหรับผู้สูงอายุ]

    หัวเรื่อง [การเรียนรู้ของผู้สูงอายุ]

BibComment


ยังไม่เคยถูกคอมเมนท์

คอมเมนท์ทรัพยากรรายการนี้
  คอมเมนท์: การส่งเสริมกิจกร..


 Copyright 2026. Bcnsprnw @Library